000 00641nam a2200229Ia 4500
003 OSt
005 20220928121403.0
006 a|||||r|||| 00| 0
007 ta
008 220927b |||||||| |||| 00| 0 eng d
024 _a60670
037 _cReference Collections
040 _aSDCL
_cSDCL
_beng
041 _2eng
_aeng
082 _aP111:4k, 152N8 RR
100 _aBulke Kamil
_9451819
245 0 _aAngreji- Hindi kosh.
260 _aNew Delhi
_bS Chand & Company Limited
_c1998
300 _axii,890p.
_ccm.
942 _hP111:4k, 152N8 RR
_cREF
_2CC
999 _c765833
_d765833